LEADER 01770nam a2200397 u 4500 001 000000051312 003 CaOOAMICUS 005 20070226115325.0 008 000914m19911996it u000 u ita u 020 $a8830804819 (v.1) 020 $a8830805904 (v.2) 035 $a10855448 040 $aPUL$bita$dPUL(R) 100 1 $aCappellaro, Juan Bautista.$0(OLS)http://pul/name/34953 245 10$aAlla ricerca di senso :$bcammino di fede dei piccoli gruppi /$cJ.B. Cappellaro, A. Apolloni, U. Mesini. 260 $aAssisi :$bCittadella,$cc1991-1996. 300 $a2 v. ;$c24 cm 490 1 $aPastorale/Strumenti 500 $aContiene indici. 504 $aBibliografia in nota. 650 4$aTeologia pastorale.$0(OLS)http://pul/subject/1301 650 4$aCatechesi.$0(OLS)http://pul/subject/4492 700 1 $aMesini, Ugo.$0(OLS)http://pul/name/36856 700 1 $aApolloni, Antonella.$0(OLS)http://pul/name/36860 830 0$aPastorale/Strumenti.$0(OLS)http://pul/title/68965 850 $aPUL 852 $aPUL$W1$xSL Religione 2$y84$mRH E1 60.1-2$j67972$nBK-PRI$b $qStampati altre collocazioni$B67972$CPULBib$Z2$F67972 $H $81 852 $aPUL$W1$xSL Religione 2$y84$mRH E1 60.1-2$j67972$nBK-PRI$b $qStampati altre collocazioni$B67973$CPULBib$Z2$F67973 $H $81 941 1 $a10 960 $aPastorale$91301 961 $aINV: 82713-714 961 $aINV: 82713-714 996 $6020$a8830804819 (v.1)$9(OLS)http://pul/number/64940 996 $6020$a8830805904 (v.2)$9(OLS)http://pul/number/64941 996 $6245$aAlla ricerca di senso :$bcammino di fede dei piccoli gruppi$9(OLS)http://pul/title/68970 996 $6260$aAssisi :$bCittadella$9(OLS)http://pul/publisher/49668 LEADER 01422nam a2200265 u 4500 001 000000113648 003 CaOOAMICUS 005 20081024110855.0 008 081024s2008 it u000 u ita r 020 $z978-88-217-2793-1* 040 $aPUL$bita$dLDB 245 00$aCodice commentato del fallimento :$bdisciplina comunitaria e transfrontaliera, disciplina tributaria : aggiornato con il D.Lgs. 12 settembre 2007, n. 169 "Correttivo della riforma fallimentare" /$cdiretto da Giovanni Lo Cascio. 260 $aMilano :$bIpsoa,$cc2008. 300 $axxxviii, 2083 p. ;$c22 cm. 490 1 $aCommentari IPSOA 504 $aBibliografia : p. 2024-2082. 650 4$aDiritto fallimentare$zItalia.$0(OLS)http://pul/subject/34853 700 1 $aLo Cascio, Giovanni.$0(OLS)http://pul/name/70101 830 0$aCommentari IPSOA.$0(OLS)http://pul/title/133094 850 $aPUL 852 $aPUL$W1$xDP2 Diritto e Scienze Sociali 3$y110$m348. 45 COD 2.11$j129847$qDDC 21$B128910$CPULBib$Z2$F128910 $H108405 $82 941 1 $a9 996 $6020$z978-88-217-2793-1*$9(OLS)http://pul/number/138975 996 $6245$aCodice commentato del fallimento :$bdisciplina comunitaria e transfrontaliera, disciplina tributaria : aggiornato con il D.Lgs. 12 settembre 2007, n. 169 "Correttivo della riforma fallimentare"$9(OLS)http://pul/title/142805 996 $6260$aMilano :$bIpsoa$9(OLS)http://pul/publisher/67046